|
|
|
|
| LEADER |
00779cam a2200217 7i4500 |
| 001 |
0000037732 |
| 005 |
20170218090000.0 |
| 008 |
110406 eng |
| 020 |
|
|
|a 9780470259337 (pbk.)
|
| 020 |
|
|
|a 0470259337 (pbk.)
|
| 090 |
0 |
0 |
|a TR267
|b .S23 2008
|
| 100 |
1 |
|
|a Sahlin, Doug
|
| 245 |
1 |
0 |
|a Digital photography workbook for dummies
|c by Doug Sahlin.
|
| 260 |
|
|
|a Indianapolis, IN:
|b Wiley Pub., Inc.,
|c 2008.
|
| 300 |
|
|
|a xii, 340 p.:
|b col. ill.;
|c 26 cm.
|
| 490 |
0 |
|
|a For dummies
|
| 500 |
|
|
|a Includes index
|
| 650 |
0 |
0 |
|a Image processing --
|x Digital techniques
|
| 997 |
|
|
|a Communication, Visual Art & Computing, Faculty
|b Visual Art, Department
|
| 998 |
|
|
|a Photographic Technology, Diploma
|
| 999 |
|
|
|a 0000044350
|b BOK
|c OPEN SHELF
|e 2nd Floor, Bestari Jaya
|